Southville International School and Colleges
Your cart is empty.
  • Cart
  • Lists
    Public lists Eva Luna New books Lux_list list_1
    Your lists Log in to create your own lists
  • Log in to your account
  • Your cookies
  • Search history
Southville International School and Colleges
  • Advanced search
  • Recent comments
  • Most popular
  • Libraries

Log in to your account

Log in with GOOGLE


If you do not have an external account, but do have a local account, you can still log in:

  1. Home
  2. MARC view: Patriot games /
Normal view MARC view ISBD view

Patriot games / (Record no. 10719)

[ view plain ]
MARC details
000 -LEADER
fixed length control field 00876cam a2200289 a 4500
001 - CONTROL NUMBER
control field 3839557
003 - CONTROL NUMBER IDENTIFIER
control field LC
005 - DATE AND TIME OF LATEST TRANSACTION
control field 20160301143456.0
008 - FIXED-LENGTH DATA ELEMENTS--GENERAL INFORMATION
fixed length control field 870227s1987 nyu 000 1 eng
010 ## - LIBRARY OF CONGRESS CONTROL NUMBER
LC control number 87006910
020 ## - INTERNATIONAL STANDARD BOOK NUMBER
International Standard Book Number 0399132414
040 ## - CATALOGING SOURCE
Original cataloging agency DLC
Transcribing agency DLC
Modifying agency DLC
-- OCoLC
-- DLC
050 00 - LIBRARY OF CONGRESS CALL NUMBER
Classification number PS 3553
Item number .C587 1987
082 00 - DEWEY DECIMAL CLASSIFICATION NUMBER
Classification number FIC
Item number C52p 1987
100 1# - MAIN ENTRY--PERSONAL NAME
Personal name Clancy, Tom,
Dates associated with a name 1947-
9 (RLIN) 17448
245 10 - TITLE STATEMENT
Title Patriot games /
Statement of responsibility, etc Tom Clancy.
260 ## - PUBLICATION, DISTRIBUTION, ETC. (IMPRINT)
Place of publication, distribution, etc New York :
Name of publisher, distributor, etc Putnam,
Date of publication, distribution, etc c1987.
300 ## - PHYSICAL DESCRIPTION
Extent 540 p. ;
Dimensions 24 cm.
562 ## - COPY AND VERSION IDENTIFICATION NOTE
Number of copies 2
650 #0 - SUBJECT ADDED ENTRY--TOPICAL TERM
Topical term or geographic name as entry element Ryan, Jack, Sr. (Fictitious character)
Form subdivision Fiction.
9 (RLIN) 17449
655 #7 - INDEX TERM--GENRE/FORM
Genre/form data or focus term Spy stories.
Source of term gsafd
9 (RLIN) 4765
856 42 - ELECTRONIC LOCATION AND ACCESS
Materials specified Contributor biographical information
Uniform Resource Identifier <a href="http://www.loc.gov/catdir/enhancements/fy1305/87006910-b.html">http://www.loc.gov/catdir/enhancements/fy1305/87006910-b.html</a>
906 ## - LOCAL DATA ELEMENT F, LDF (RLIN)
a 7
b cbc
c orignew
d 1
e ocip
f 19
g y-gencatlg
942 ## - ADDED ENTRY ELEMENTS (KOHA)
Source of classification or shelving scheme Library of Congress Classification
Koha item type Books
Holdings
Withdrawn status Lost status Source of classification or shelving scheme Damaged status Home library Current library Shelving location Date acquired Total Checkouts Total Renewals Full call number Barcode Date last seen Date checked out Copy number Price effective from Koha item type
    Library of Congress Classification   Luxembourg Library Luxembourg Library Fiction Section 09/09/2013 1 3 PS 3553 .C587 1988 11594 08/18/2015 08/04/2015 1 09/09/2013 Books
    Library of Congress Classification   Luxembourg Library Luxembourg Library Fiction Section 09/09/2013     PS 3553 .C587 1988 6801 09/09/2013   2 10/03/2013 Books

Patriot games /

APA

Clancy T., . (1987). Patriot games. New York: Putnam.

Chicago

Clancy Tom, . 1987. Patriot games. New York: Putnam.

Harvard

Clancy T., . (1987). Patriot games. New York: Putnam.

MLA

Clancy Tom, . Patriot games. New York: Putnam. 1987.

  • Place hold
  • Print
  • Cite
  • Add to your cart (remove)
  • Save record
    BIBTEX Dublin Core MARCXML MARC (non-Unicode/MARC-8) MARC (Unicode/UTF-8) MARC (Unicode/UTF-8, Standard) MODS (XML) RIS
  • More searches
    Search for this title in:
    Other Libraries (WorldCat) Other Databases (Google Scholar) Online Stores (Bookfinder.com) Open Library (openlibrary.org)

Exporting to Dublin Core...

SOUTHVILLE LIBRARY

Southville International School and Colleges Library

1281 Tropical Ave. Cor. Luxembourg St., BF Homes International, Las Pinas City

Tel. No. 8256374 / 252358 Loc. 117/146

Powered by Koha